Catálogo
 En Linea

El derecho a la vivienda digna y los desalojos en RD : (Registro nro. 59382)

Detalles MARC
000 -CABECERA
campo de control de longitud fija 01605nam a2200277 i 4500
003 - IDENTIFICADOR DEL NÚMERO DE CONTROL
campo de control DO-SdBNP
005 - FECHA Y HORA DE LA ÚLTIMA TRANSACCIÓN
campo de control 20250714112923.0
007 - CAMPO FIJO DE DESCRIPCIÓN FÍSICA--INFORMACIÓN GENERAL
campo de control de longitud fija ta
008 - DATOS DE LONGITUD FIJA--INFORMACIÓN GENERAL
campo de control de longitud fija 250625b2025 dr a|||er ||| 00| 0 spa d
020 ## - NÚMERO INTERNACIONAL ESTÁNDAR DEL LIBRO
Número Internacional Estándar del Libro 9789945509540
040 ## - FUENTE DE LA CATALOGACIÓN
Centro catalogador/agencia de origen DO-SdBNP
Lengua de catalogación spa
Centro/agencia transcriptor BNPHU
Normas de descripción rda
041 ## - CÓDIGO DE LENGUA
Código de lengua del texto/banda sonora o título independiente spa
082 #4 - NÚMERO DE LA CLASIFICACIÓN DECIMAL DEWEY
Número de clasificación xxxxx
Número de documento/Ítem D431
Número de edición 22
110 1# - ENTRADA PRINCIPAL--NOMBRE DE ENTIDAD CORPORATIVA
Nombre de entidad corporativa o nombre de jurisdicción como elemento de entrada Comisión de Vivienda y Hábitat de Foro Ciudadano
9 (RLIN) 88191
245 13 - MENCIÓN DE TÍTULO
Título El derecho a la vivienda digna y los desalojos en RD :
Resto del título una mirada propositiva /
264 #1 - PRODUCCIÓN, PUBLICACIÓN, DISTRIBUCIÓN, FABRICACIÓN Y COPYRIGHT
Producción, publicación, distribución, fabricación y copyright Santo Domingo :
Nombre del de productor, editor, distribuidor, fabricante Fundación Friedrich Ebert Stiftung,
Fecha de producción, publicación, distribución, fabricación o copyright 2025.
300 ## - DESCRIPCIÓN FÍSICA
Extensión 6 páginas
Otras características físicas ilustraciones
Dimensiones 30 cm.
336 ## - TIPO DE CONTENIDO
Término de tipo de contenido texto
Código de tipo de contenido txt
Fuente rdacontent
337 ## - TIPO DE MEDIO
Nombre/término del tipo de medio sin mediación
Código del tipo de medio n
Fuente rdamedia
338 ## - TIPO DE SOPORTE
Nombre/término del tipo de soporte volumen
Código del tipo de soporte nc
Fuente rdacurrier
490 1# - MENCIÓN DE SERIE
Mención de serie Análisis ;
520 ## - SUMARIO, ETC.
Sumario, etc. En los últimos años, miles de familias empobrecidas en República Dominicana han sido desalojadas de manera forzosa, sin notificación previa ni alternativas habitacionales, intensificando el déficit habitacional y agravando su vulnerabilidad. Estos desalojos reflejan el predominio de una lógica neoliberal que convierte la vivienda en un producto de mercado para especuladores, mientras el Estado dominicano incumple su obligación de garantizar el derecho a una vivienda digna. Este artículo expone casos específicos de desalojos forzosos desde 2018, analiza la insuficiencia de las soluciones ofrecidas por el gobierno y destaca propuestas impulsadas por la sociedad civil para proteger los derechos fundamentales de las familias afectadas
590 ## - NOTA LOCAL (RLIN)
Nota local Inventariado, 2025/ YL
910 ## - DATOS DE OPCIÓN DEL USUARIO (OCLC)
Datos de opción del usuario YLockward
942 ## - ELEMENTOS DE PUNTO DE ACCESO ADICIONAL (KOHA)
Fuente del sistema de clasificación o colocación Dewey Decimal Classification
Tipo de ítem Koha Folleto
Existencias
Estado de retiro Estado de pérdida Fuente del sistema de clasificación o colocación Restricciones de uso No para préstamo Código de colección Localización permanente Ubicación/localización actual Ubicación en estantería Fecha de adquisición Fuente de adquisición Total de préstamos Signatura topográfica completa Código de barras Fecha visto por última vez Precio válido a partir de Tipo de ítem Koha Número de copia
    Dewey Decimal Classification Excluido de préstamo   Patrimonio Dominicano Folletos Biblioteca Nacional Pedro Henríquez Ureña Biblioteca Nacional Pedro Henríquez Ureña En catalogación 20.05.2025 Depósito Legal   BNPHU F-PD xxxxx D4311 2025-5674 25.06.2025 25.06.2025 Folleto  
    Dewey Decimal Classification Excluido de préstamo   Patrimonio Dominicano Folletos Biblioteca Nacional Pedro Henríquez Ureña Biblioteca Nacional Pedro Henríquez Ureña En catalogación 20.05.2025 Depósito Legal   BNPHU F-PD xxxxx D4311 2025-5675 25.06.2025 25.06.2025 Folleto e. 2
    Dewey Decimal Classification Préstamo en sala   Dominicana de Servicio Biblioteca Nacional Pedro Henríquez Ureña Biblioteca Nacional Pedro Henríquez Ureña En catalogación 20.05.2025 Depósito Legal   BNPHU F-DS xxxxx D4311 2025-5676 25.06.2025 25.06.2025 Folleto e. 3
    Dewey Decimal Classification Préstamo en sala   Dominicana de Servicio Biblioteca Nacional Pedro Henríquez Ureña Biblioteca Nacional Pedro Henríquez Ureña En catalogación 20.05.2025 Donación   BNPHU F-DS xxxxx D4311 2025-5677 25.06.2025 25.06.2025 Folleto e. 4

Con tecnología Koha